000 00752nam a2200253 a 4500
001 65270
003 BD-RjUL
005 20211209081414.0
008 170302s1952 enkfa 001 0aeng d
035 _a(BD-RjUL)65400
040 _aDLC
_cCarP
_dBD-RjUL
_beng
041 _aeng
082 _223
_a821.7
_bWOP 1952
100 1 _aWordsworth, William,
_d1770-1850.
_9186715
245 1 4 _aThe poetical works of William Wordsworth /
_cWilliam Wordsworth
260 _aOxford :
_b At The Clarendon Press,
_c1952.
300 _axv, 378 p. ;
_c18 cm.
500 _aIncludes Index
600 _aWordsworth, William,
_d1770-1850
_9186715
650 _aEnglish Poetry
_9193198
700 _qE.De Selincourt
_9193199
942 _2ddc
_cBK
999 _c65270
_d65270